Một ngày với thuyền trưởng Christopher Columbus = A day with Christopher Columbus

Giới thiệu về tiểu sử, cuộc đời và sự nghiệp của thuyền trưởng người Italia Christopher Columbus (1451 - 1506)

שמור ב:
מידע ביבליוגרפי
פורמט: ספר
שפה:Undetermined
יצא לאור: Thành phố Hồ Chí Minh Tổng hợp Thành phố Hồ Chí Minh 2014
נושאים:
תגים: הוספת תג
אין תגיות, היה/י הראשונ/ה לתייג את הרשומה!
Thư viện lưu trữ: Trung tâm Học liệu Trường Đại học Cần Thơ
LEADER 00918nam a2200205Ia 4500
001 CTU_193170
008 210402s9999 xx 000 0 und d
020 |c 25000 
082 |a 970.015 
082 |b M458 
245 0 |a Một ngày với thuyền trưởng Christopher Columbus = 
245 2 |b A day with Christopher Columbus 
245 0 |c Nhóm dịch thuật Nhà xuất bản Tổng hợp Thành phố Hồ Chí Minh 
260 |a Thành phố Hồ Chí Minh 
260 |b Tổng hợp Thành phố Hồ Chí Minh 
260 |c 2014 
520 |a Giới thiệu về tiểu sử, cuộc đời và sự nghiệp của thuyền trưởng người Italia Christopher Columbus (1451 - 1506) 
650 |a Discovery and exploration,Khám phá và thám hiểm 
910 |a Hải 
980 |a Trung tâm Học liệu Trường Đại học Cần Thơ